Štatistické porovnanie vybraných ukazovateľov školstva v SR s krajinami V4 a Európskou úniou
Komparácia vývoja a súčasného stavu školstva (predovšetkým vysokého školstva) v Slovenskej republike so stavom a vývojom v ostatných krajinách Višegrádskej skupiny a v Európskej únii. Ide o medzinárodné porovnanie vybraných ukazovateľov na rôznych úrovniach vzdelávania v súlade s ISCED (1997).
Enregistré dans:
| Auteur principal: | |
|---|---|
| Autres auteurs: | |
| Format: | Chapitre de livre |
| Langue: | slovaque |
| Sujets: | |
| Tags: |
Pas de tags, Soyez le premier à ajouter un tag!
|
MARC
| LEADER | 00000naa$a2200000$$$4500 | ||
|---|---|---|---|
| 001 | 0053376 | ||
| 005 | 20240502071621.5 | ||
| 041 | 0 | |a slo | |
| 044 | |a SK | ||
| 245 | 1 | 0 | |a Štatistické porovnanie vybraných ukazovateľov školstva v SR s krajinami V4 a Európskou úniou |c Erik Šoltés, Ľubica Hurbánková |
| 520 | |a Komparácia vývoja a súčasného stavu školstva (predovšetkým vysokého školstva) v Slovenskej republike so stavom a vývojom v ostatných krajinách Višegrádskej skupiny a v Európskej únii. Ide o medzinárodné porovnanie vybraných ukazovateľov na rôznych úrovniach vzdelávania v súlade s ISCED (1997). | ||
| 610 | 2 | 0 | |a Európska únia |
| 610 | 2 | 0 | |a analýza komparatívna |
| 610 | 2 | 0 | |a Slovensko |
| 610 | 2 | 0 | |a porovnanie štatistické medzinárodné |
| 610 | 2 | 0 | |a vzdelávanie vysokoškolské |
| 100 | 1 | |a Šoltés, Erik, 1974- | |
| 700 | 1 | |a Hurbánková, Ľubica, 1980- | |